History Quiz

Random History or Century Quiz
Score 0/23 Timer 04:00
5 Plays Today
% Correct
Melania Trump
96.8%
Michelle Obama
95.8%
Laura Bush
95.2%
Jackie Kennedy
91.8%
Hillary Clinton
89.9%
Nancy Reagan
88.7%
Barbara Bush
84.7%
Eleanor Roosevelt
82.4%
Jill Biden
79.6%
Rosalynn Carter
76.1%
Betty Ford
74%
Pat Nixon
72%
% Correct
Lady Bird Johnson
70.3%
Mamie Eisenhower
57.9%
Bess Truman
52.1%
Edith Roosevelt
46.6%
Lou Hoover
44.8%
Grace Coolidge
43.9%
Helen Taft
40%
Ellen Wilson
38.9%
Ida McKinley
38.9%
Florence Harding
37.1%
Edith Wilson
29.1%
Remove Ads.
Support Sporcle.
Get the best of Sporcle when you Go Orange. This ad-free experience offers more features, more stats, and more fun while also helping to support Sporcle. Thank you for becoming a member.

You're not logged in!

Compare scores with friends on all Sporcle quizzes.
OR
Log In

Show Comments

Extras

Top Quizzes Today


Score Distribution

Your Account Isn't Verified!

In order to create a playlist on Sporcle, you need to verify the email address you used during registration. Go to your Sporcle Settings to finish the process.

Report this User

Report this user for behavior that violates our Community Guidelines.

Details: